| 000 | 00781nam a2200217 a 4500 | ||
|---|---|---|---|
| 001 | 10347 | ||
| 003 | CO-ViMGA | ||
| 008 | 141112s2004 ck r 000 u spa d | ||
| 020 | _a9586640183 | ||
| 040 |
_aCO-ViMGA _bspa _cCO-ViMGA |
||
| 082 | 0 | 4 | _a986.016 A93e |
| 100 | 1 |
_aAvellaneda Navas ; Jose Ignacio, _913665 |
|
| 245 | 1 | 0 | _aLa expedición de Gonzalo Jimenez de Quesada al mar del sur y la creación del Nuevo Reino de Granada |
| 260 |
_aBogotá : _bBanco de la República, _cEditora Guadalupe Ltda, _c1995 |
||
| 300 | _a369p. | ||
| 490 | _aColección Bibliográfica Banco de la República | ||
| 650 | 1 | 4 |
_aCOLOMBIA - HISTORIA _913666 |
| 650 | 1 | 4 |
_aDESCUBRIMIENTO Y CONQUISTA 1499 - 1550 _913667 |
| 650 | 1 | 4 |
_aJIMENEZ DE QUESADA GONZALO 1496 - 1579 _913668 |
| 942 |
_2ddc _cBK |
||
| 999 |
_c21694 _d21694 |
||